00366cam a2200145ua 45000410008000000820019000081000025000272450075000522500012001272600038001393000012001775040005001899420007001949990019002010 aeng a828.09bDAL/PO aDalziel, Margaret . aPopular fiction 100 years ago / cMargaret Dalziel.hTextual Documents a1 / b. aLondon : bCohen & West , c1957. a188 ; . a cBK c331083d331083